Les meilleurs buteurs de la Ligue des Champions (Saison 24/25) - Statistiques

Statistiques générales
  • Ce quiz a été pris 79 fois
  • Le résultat moyen est 9 sur 15
Statistiques - réponses
Classement Nombre de buts Joueurs % Correct
11 7 buts Kylian Mbappé
97%
7 8 buts Ousmane Dembélé
94%
6 8 buts Erling Haaland
90%
4 11 buts Robert Lewandowski
79%
3 11 buts Harry Kane
75%
2 13 buts Raphinha
73%
8 8 buts Vinicius Jr
72%
1 13 buts Serhou Guirassy
70%
5 9 buts Lautaro Martinez
68%
14 6 buts Bukayo Saka
49%
9 7 buts Julian Alvarez
32%
15 6 buts Antoine Griezmann
27%
13 6 buts Viktor Gyökeres
27%
12 7 buts Jonathan David
21%
10 7 buts Vangelis Pavlidis
13%
Aucun quiz correspondant
Distribution des résultats
% des personnes avec chaque résultat
Percentile par nombre de réponses
Votre historique - résultats
Vous n’avez pas pris ce quiz